<?xml version="1.0" encoding="UTF-8"?>
<record
    xmlns:xsi="http://www.w3.org/2001/XMLSchema-instance"
    xsi:schemaLocation="http://www.loc.gov/MARC21/slim http://www.loc.gov/standards/marcxml/schema/MARC21slim.xsd"
    xmlns="http://www.loc.gov/MARC21/slim">

  <leader>05973 am a2201273   4500</leader>
  <controlfield tag="003">AR-RoUNA</controlfield>
  <controlfield tag="005">20250930062954.0</controlfield>
  <controlfield tag="008">050811s2004||||ag|aeo||     |||1 0|spa d</controlfield>
  <datafield tag="020" ind1=" " ind2=" ">
    <subfield code="a">9879741003X</subfield>
  </datafield>
  <datafield tag="040" ind1=" " ind2=" ">
    <subfield code="a">AR-RoUNA</subfield>
    <subfield code="b">spa</subfield>
    <subfield code="c">spa</subfield>
  </datafield>
  <datafield tag="044" ind1=" " ind2=" ">
    <subfield code="a">ag</subfield>
  </datafield>
  <datafield tag="080" ind1=" " ind2=" ">
    <subfield code="a">72.03</subfield>
    <subfield code="x">(82)</subfield>
  </datafield>
  <datafield tag="245" ind1="1" ind2="0">
    <subfield code="a">Summa + Historia</subfield>
    <subfield code="b">: Documentos de Arquitectura Argentina /</subfield>
    <subfield code="c">Dardo Arbide... [et al]</subfield>
  </datafield>
  <datafield tag="250" ind1=" " ind2=" ">
    <subfield code="a">1a. ed.</subfield>
  </datafield>
  <datafield tag="260" ind1=" " ind2=" ">
    <subfield code="a">Buenos Aires, Argentina :</subfield>
    <subfield code="b">Donn,</subfield>
    <subfield code="c">2004.</subfield>
    <subfield code="e">Argentina</subfield>
  </datafield>
  <datafield tag="300" ind1=" " ind2=" ">
    <subfield code="a">159 p. :</subfield>
    <subfield code="b">il. col.</subfield>
    <subfield code="b">il.</subfield>
    <subfield code="b">planos</subfield>
    <subfield code="c">34 cm.</subfield>
  </datafield>
  <datafield tag="440" ind1="0" ind2=" ">
    <subfield code="a">Summa +</subfield>
    <subfield code="9">3329</subfield>
  </datafield>
  <datafield tag="500" ind1=" " ind2=" ">
    <subfield code="a">Incluye somero curriculum vitae de los autores. .</subfield>
  </datafield>
  <datafield tag="505" ind1="0" ind2=" ">
    <subfield code="t">Pr&#xF3;logo</subfield>
  </datafield>
  <datafield tag="505" ind1="0" ind2=" ">
    <subfield code="a">Rafael Iglesia / Historia de la Arquitectura: &#xBF;Para qu&#xE9;?. p.6/7</subfield>
  </datafield>
  <datafield tag="505" ind1="0" ind2=" ">
    <subfield code="t">Martha Levisman / Documentos dibujados. p.8-15</subfield>
  </datafield>
  <datafield tag="505" ind1="0" ind2=" ">
    <subfield code="a">Iglesia de los Padres Capuchinos "Sagrado Coraz&#xF3;n"</subfield>
  </datafield>
  <datafield tag="505" ind1="0" ind2=" ">
    <subfield code="a">Edificio Campomar</subfield>
  </datafield>
  <datafield tag="505" ind1="0" ind2=" ">
    <subfield code="a">Casa de departamentos para una familia</subfield>
  </datafield>
  <datafield tag="505" ind1="0" ind2=" ">
    <subfield code="a">Antumalal (Torre y casa principal)</subfield>
  </datafield>
  <datafield tag="505" ind1="0" ind2=" ">
    <subfield code="a">Local casa Am&#xE9;rica. Proyecto</subfield>
  </datafield>
  <datafield tag="505" ind1="0" ind2=" ">
    <subfield code="a">Casa Sorensen</subfield>
  </datafield>
  <datafield tag="505" ind1="0" ind2=" ">
    <subfield code="t">Clara Hendlin / Dibujos Hist&#xF3;ricos. Acervo del Instituto de arte Americano. p.16-23</subfield>
  </datafield>
  <datafield tag="505" ind1="0" ind2=" ">
    <subfield code="a">Alejandro Bustillo</subfield>
  </datafield>
  <datafield tag="505" ind1="0" ind2=" ">
    <subfield code="a">Jorge Sabat&#xE9;</subfield>
  </datafield>
  <datafield tag="505" ind1="0" ind2=" ">
    <subfield code="a">Le&#xF3;n Dourge</subfield>
  </datafield>
  <datafield tag="505" ind1="0" ind2=" ">
    <subfield code="a">Eduardo Sacriste</subfield>
  </datafield>
  <datafield tag="505" ind1="0" ind2=" ">
    <subfield code="t">Rafael Francisco Navas / Apuntes de la historia del puerto de Buenos Aires. p.24-29</subfield>
  </datafield>
  <datafield tag="505" ind1="0" ind2=" ">
    <subfield code="t">Ra&#xFA;l Francisco Navas / La fundaci&#xF3;n de La Plata: La leyenda de Pedro Benoit. p.30-35</subfield>
  </datafield>
  <datafield tag="505" ind1="0" ind2=" ">
    <subfield code="t">Martha Marengo de Tapia / As&#xED; dibujaba Thays. p.36-45</subfield>
  </datafield>
  <datafield tag="505" ind1="0" ind2=" ">
    <subfield code="t">Guillermo Tella / Benito Carrasco: El camino de la costa. p.46-53</subfield>
  </datafield>
  <datafield tag="505" ind1="0" ind2=" ">
    <subfield code="t">Horacio J. Spinetto / Avenida de Mayo centenaria. p.54-55</subfield>
  </datafield>
  <datafield tag="505" ind1="0" ind2=" ">
    <subfield code="t">Carlos Hilger / H&#xE9;rcules en la Av. de Mayo. p.56-57</subfield>
  </datafield>
  <datafield tag="505" ind1="0" ind2=" ">
    <subfield code="t">Carlos Hilger / El Palacio Barolo: Mario Palanti, su monumento al genio Latino. p.58-65</subfield>
  </datafield>
  <datafield tag="505" ind1="0" ind2=" ">
    <subfield code="t">Carlos Hilger / Iconograf&#xED;a Egipcia en Buenos Aires. p.66-69</subfield>
  </datafield>
  <datafield tag="505" ind1="0" ind2=" ">
    <subfield code="t">Horacio Spinetto / Coronamientos Porte&#xF1;os. p70-75</subfield>
  </datafield>
  <datafield tag="505" ind1="0" ind2=" ">
    <subfield code="t">Carlos Hilger / Simbolismo Cosmol&#xF3;gico. p.76-77</subfield>
  </datafield>
  <datafield tag="505" ind1="0" ind2=" ">
    <subfield code="t">Fernando Diez / Urbanismo y Decoraci&#xF3;n. p.78-83</subfield>
  </datafield>
  <datafield tag="505" ind1="0" ind2=" ">
    <subfield code="t">Coc&#xF3; de Larra&#xF1;aga / Rascacielos Modernos: El Kavanagh, el Safico y el Comega. p. 84-89</subfield>
  </datafield>
  <datafield tag="505" ind1="0" ind2=" ">
    <subfield code="t">Fernando Williams / Estudio Follett: Documentos de una colecci&#xF3;n. p.90-</subfield>
  </datafield>
  <datafield tag="505" ind1="0" ind2=" ">
    <subfield code="t">Jorge Tartarini / Arquitectura Ferroviaria: Remedio para melanc&#xF3;licos. p.96-99</subfield>
  </datafield>
  <datafield tag="505" ind1="0" ind2=" ">
    <subfield code="t">Mario Sabugo / Virginio Colombo. p.100-101</subfield>
  </datafield>
  <datafield tag="505" ind1="0" ind2=" ">
    <subfield code="t">Horacio Caride / Francisco Gianotti: El laboratorio del estilo. p.102-109</subfield>
  </datafield>
  <datafield tag="505" ind1="0" ind2=" ">
    <subfield code="t">Horacio Caride y Mario Sabugo / Moles Gianottianas. p.</subfield>
  </datafield>
  <datafield tag="505" ind1="0" ind2=" ">
    <subfield code="t">Horacio Caride y Mario Sabudo / Moles Gianottianas. p.110-111</subfield>
  </datafield>
  <datafield tag="505" ind1="0" ind2=" ">
    <subfield code="t">Ram&#xF3;n Gutierrez / Eduardo Le Monnier: La fragancia del academisc&#xED;smo ecl&#xE9;ctico. p.112-121</subfield>
  </datafield>
  <datafield tag="505" ind1="0" ind2=" ">
    <subfield code="t">Rita MOlinos y Mario Sabugo / Los Christophersen: La riqueza y la labor. p.122-123</subfield>
  </datafield>
  <datafield tag="505" ind1="0" ind2=" ">
    <subfield code="t">Mario Sabugo / Santa Rosa de Lima: &#xBF;Perigordiana o Poitevina?. p.124-125</subfield>
  </datafield>
  <datafield tag="505" ind1="0" ind2=" ">
    <subfield code="t">Ram&#xF3;n Gutierrez y Patricia M&#xE9;ndez / Alberto Prebisch: Testimonio del siglo que se fue. p.126-133</subfield>
  </datafield>
  <datafield tag="505" ind1="0" ind2=" ">
    <subfield code="t">Ram&#xF3;n Gutierrez / Andr&#xE9;s K&#xE1;lnay: Una modernidad distinta. p.134-141</subfield>
  </datafield>
  <datafield tag="505" ind1="0" ind2=" ">
    <subfield code="t">Dardo Arbide / Francisco Salamone: Una arquitectura de los m&#xE1;rgenes. p.142-147</subfield>
  </datafield>
  <datafield tag="505" ind1="0" ind2=" ">
    <subfield code="t">Mario Sabugo / La maniera salam&#xF3;nica: Referencias y relaciones en la obra de Francisco Salamone. p.148-149</subfield>
  </datafield>
  <datafield tag="505" ind1="0" ind2=" ">
    <subfield code="t">Ram&#xF3;n Guti&#xE9;rrez / Casas Blancas: Un monumento de reflexi&#xF3;n sobre la arquitectura argentina. p.150-157</subfield>
  </datafield>
  <datafield tag="520" ind1=" " ind2=" ">
    <subfield code="a">Compilacion de los articulos mas interesantes desde el punto de vista documental de sus imagenes y textos teoricos o historiograficos, que se encuentran incluidos en los 63 volumenes de Summa+ y en Documentos.</subfield>
  </datafield>
  <datafield tag="600" ind1=" " ind2="0">
    <subfield code="a">Salamone, Francisco, </subfield>
    <subfield code="d">1897-1959.</subfield>
    <subfield code="9">3330</subfield>
  </datafield>
  <datafield tag="600" ind1="1" ind2="4">
    <subfield code="a">Christophersen, Alejandro, </subfield>
    <subfield code="d">1866-1946.</subfield>
    <subfield code="9">3331</subfield>
  </datafield>
  <datafield tag="600" ind1="1" ind2="4">
    <subfield code="a">Follet, Sydney G, </subfield>
    <subfield code="d">1883-1968.</subfield>
    <subfield code="9">3332</subfield>
  </datafield>
  <datafield tag="600" ind1=" " ind2="0">
    <subfield code="a">Kalnay, Andres, </subfield>
    <subfield code="d">1893-1982.</subfield>
    <subfield code="9">3333</subfield>
  </datafield>
  <datafield tag="600" ind1="1" ind2="4">
    <subfield code="a">Prebisch, Alberto, </subfield>
    <subfield code="d">1899-1970.</subfield>
    <subfield code="9">3334</subfield>
  </datafield>
  <datafield tag="600" ind1="1" ind2="4">
    <subfield code="a">Le Monnier, Eduardo, </subfield>
    <subfield code="d">1873-1931.</subfield>
    <subfield code="9">2669</subfield>
  </datafield>
  <datafield tag="600" ind1=" " ind2="0">
    <subfield code="a">Gianotti, Francisco, </subfield>
    <subfield code="d">1881-1967.</subfield>
    <subfield code="9">3335</subfield>
  </datafield>
  <datafield tag="600" ind1="1" ind2="4">
    <subfield code="a">Colombo, Virginio.</subfield>
    <subfield code="9">3336</subfield>
  </datafield>
  <datafield tag="600" ind1=" " ind2="0">
    <subfield code="a">Thays, Carlos, </subfield>
    <subfield code="d">1849-1936.</subfield>
    <subfield code="9">3337</subfield>
  </datafield>
  <datafield tag="600" ind1="1" ind2="4">
    <subfield code="a">Dourge, Leon,</subfield>
    <subfield code="9">3338</subfield>
  </datafield>
  <datafield tag="650" ind1="4" ind2=" ">
    <subfield code="a">Historia</subfield>
  </datafield>
  <datafield tag="650" ind1="4" ind2=" ">
    <subfield code="a">Arquitectura paisajista</subfield>
  </datafield>
  <datafield tag="650" ind1="4" ind2=" ">
    <subfield code="a">C&#xFA;pulas</subfield>
  </datafield>
  <datafield tag="650" ind1="4" ind2=" ">
    <subfield code="a">Casablanquismo</subfield>
  </datafield>
  <datafield tag="650" ind1="4" ind2="0">
    <subfield code="a">Arquitectura</subfield>
  </datafield>
  <datafield tag="650" ind1="4" ind2=" ">
    <subfield code="a">Arquitectura Ferroviaria</subfield>
  </datafield>
  <datafield tag="650" ind1="4" ind2=" ">
    <subfield code="a">Arquitectura Portuaria</subfield>
  </datafield>
  <datafield tag="650" ind1="4" ind2=" ">
    <subfield code="a">Palacios</subfield>
  </datafield>
  <datafield tag="650" ind1="4" ind2=" ">
    <subfield code="a">Art Deco</subfield>
  </datafield>
  <datafield tag="650" ind1="4" ind2=" ">
    <subfield code="a">Arquitectura Academicista</subfield>
  </datafield>
  <datafield tag="650" ind1="4" ind2=" ">
    <subfield code="a">Arquitectura Funeraria</subfield>
  </datafield>
  <datafield tag="651" ind1="4" ind2=" ">
    <subfield code="a">Fisherton (Rosario, Santa Fe)</subfield>
    <subfield code="9">24997</subfield>
  </datafield>
  <datafield tag="653" ind1=" " ind2=" ">
    <subfield code="a">Parque San Isidro</subfield>
  </datafield>
  <datafield tag="653" ind1=" " ind2=" ">
    <subfield code="a">Estaci&#xF3;n Retiro</subfield>
  </datafield>
  <datafield tag="653" ind1=" " ind2=" ">
    <subfield code="a">Vivienda para R. Thompson, Fishereton, Santa Fe</subfield>
  </datafield>
  <datafield tag="653" ind1=" " ind2=" ">
    <subfield code="a">Bas&#xED;lica Santa Rosa de Lima (Buenos Aires)</subfield>
  </datafield>
  <datafield tag="653" ind1=" " ind2=" ">
    <subfield code="a">Iglesia Nuestra Se&#xF1;ora de F&#xE1;tima (Mart&#xED;nez, Buenos Aires)</subfield>
  </datafield>
  <datafield tag="700" ind1=" " ind2=" ">
    <subfield code="9">3346</subfield>
    <subfield code="a">Arbide, Dardo Miguel</subfield>
  </datafield>
  <datafield tag="700" ind1=" " ind2=" ">
    <subfield code="a">Diez, Fernando.</subfield>
    <subfield code="9">3347</subfield>
  </datafield>
  <datafield tag="700" ind1=" " ind2=" ">
    <subfield code="a">Gutierrez, Ramon.</subfield>
    <subfield code="9">563</subfield>
  </datafield>
  <datafield tag="700" ind1=" " ind2=" ">
    <subfield code="a">Hendlin, Clara.</subfield>
    <subfield code="9">3348</subfield>
  </datafield>
  <datafield tag="700" ind1=" " ind2=" ">
    <subfield code="a">Caride, Horacio Eduardo.</subfield>
    <subfield code="9">3349</subfield>
  </datafield>
  <datafield tag="700" ind1=" " ind2=" ">
    <subfield code="a">Hilger, Carlos.</subfield>
    <subfield code="9">3350</subfield>
  </datafield>
  <datafield tag="700" ind1=" " ind2=" ">
    <subfield code="a">Iglesia, Rafael </subfield>
    <subfield code="d">1952-2015</subfield>
    <subfield code="9">13978</subfield>
  </datafield>
  <datafield tag="700" ind1=" " ind2=" ">
    <subfield code="a">Larra&#xF1;aga, Maria Isabel de.</subfield>
    <subfield code="9">3351</subfield>
  </datafield>
  <datafield tag="700" ind1="1" ind2=" ">
    <subfield code="a">Levisman, Martha.</subfield>
    <subfield code="9">3352</subfield>
  </datafield>
  <datafield tag="700" ind1="1" ind2=" ">
    <subfield code="a">Marengo de Tapia, Martha.</subfield>
    <subfield code="9">3353</subfield>
  </datafield>
  <datafield tag="700" ind1="1" ind2=" ">
    <subfield code="a">Mendez, Patricia.</subfield>
    <subfield code="9">2671</subfield>
  </datafield>
  <datafield tag="700" ind1="1" ind2=" ">
    <subfield code="a">Molino, Rita.</subfield>
    <subfield code="9">3354</subfield>
  </datafield>
  <datafield tag="700" ind1="1" ind2=" ">
    <subfield code="a">Navas, Raul Francisco (h).</subfield>
    <subfield code="9">3355</subfield>
  </datafield>
  <datafield tag="700" ind1="1" ind2=" ">
    <subfield code="a">Spinetto, Horacio J.</subfield>
    <subfield code="9">3356</subfield>
  </datafield>
  <datafield tag="700" ind1="1" ind2=" ">
    <subfield code="a">Tartarini, Jorge D.</subfield>
    <subfield code="9">3357</subfield>
  </datafield>
  <datafield tag="700" ind1="1" ind2=" ">
    <subfield code="a">Tella, Guillermo.</subfield>
    <subfield code="9">3358</subfield>
  </datafield>
  <datafield tag="700" ind1="1" ind2=" ">
    <subfield code="a">Williams, Fernando.</subfield>
    <subfield code="9">3359</subfield>
  </datafield>
  <datafield tag="700" ind1="1" ind2=" ">
    <subfield code="9">565</subfield>
    <subfield code="a">Sabugo, Mario S.</subfield>
  </datafield>
  <datafield tag="908" ind1=" " ind2=" ">
    <subfield code="a">Imp</subfield>
  </datafield>
  <datafield tag="942" ind1=" " ind2=" ">
    <subfield code="c">LIB</subfield>
    <subfield code="s">1</subfield>
    <subfield code="2">udc</subfield>
  </datafield>
  <datafield tag="945" ind1=" " ind2=" ">
    <subfield code="a">MEM</subfield>
    <subfield code="b">Catalogador - Indizador</subfield>
    <subfield code="d">2022-10-13</subfield>
  </datafield>
  <datafield tag="980" ind1=" " ind2=" ">
    <subfield code="8"></subfield>
    <subfield code="g">CRON CRON</subfield>
  </datafield>
  <datafield tag="999" ind1=" " ind2=" ">
    <subfield code="c">1</subfield>
    <subfield code="d">1</subfield>
  </datafield>
  <datafield tag="952" ind1=" " ind2=" ">
    <subfield code="0">0</subfield>
    <subfield code="1">0</subfield>
    <subfield code="2">cdu</subfield>
    <subfield code="4">0</subfield>
    <subfield code="7">0</subfield>
    <subfield code="a">AR-RoUNA</subfield>
    <subfield code="b">AR-RoUNA</subfield>
    <subfield code="c">Arg</subfield>
    <subfield code="d">2014-05-29</subfield>
    <subfield code="e">Don</subfield>
    <subfield code="g">0.00</subfield>
    <subfield code="l">4</subfield>
    <subfield code="o">72.03  S955</subfield>
    <subfield code="p">11189</subfield>
    <subfield code="t">ej. 1</subfield>
    <subfield code="y">LIB</subfield>
    <subfield code="x"></subfield>
  </datafield>
</record>
